LEADER 02488nam1 2200505 450 001 990001938660203316 005 20040817165309.0 035 $a000193866 035 $aUSA01000193866 035 $a(ALEPH)000193866USA01 035 $a000193866 100 $a20040817g19781983km-y0itay0103----ba 101 0 $aita 102 $aIT 105 $a||||||||001yy 200 1 $aStoria dell'arte italiana 210 $aTorino$cG. Einaudi$d1978-1983 215 $a12 v.$d21 cm 410 0$12001 454 1$12001 461 1$1001-------$12001 463 \1$1001990001938680203316$12001 $a<> : Materiali e problemi. Questioni e metodi 463 \1$1001990001938710203316$12001 $a<> : Materiali e problemi. L'artista e il pubblico 463 \1$1001990001938750203316$12001 $a<> : Materiali e problemi. L'esperienza dell'antico, dell'Europa, della religiosita 463 \1$1001990001938770203316$12001 $a<> : Materiali e problemi. Ricerche spaziali e tecnologie 463 \1$1001990001938790203316$12001 $a<> : Dal Medioevo al Novecento. Dal Medioevo al Quattrocento 463 \1$1001990001938820203316$12001 $a<> : Dal Medioevo al Novecento. Dal Cinquecento all'Ottocento. Cinquecento e Seicento 463 \1$1001990001938840203316$12001 $a<> : Dal Medioevo al Novecento. Dal Cinquecento all'Ottocento. Settecento e Ottocento 463 \1$1001990001938870203316$12001 $a<> : Dal Medioevo al Novecento. Il Novecento 463 \1$1001990001938890203316$12001 $a<> : Situazioni momenti indagini. Inchieste su centri minori 463 \1$1001990001938900203316$12001 $a<> : Situazioni momenti indagini. Grafica e immagine. Illustrazione, fotografia 463 \1$1001990001938940203316$12001 $a<> : Situazioni momenti indagini. Grafica e immagine. Scritura, miniatura, disegno 463 \1$1001990001938950203316$12001 $a<> : Situazioni momenti indagini. Forme e modelli 463 \1$1001990001938980203316$12001 $a<> : Situazioni momenti indagini. Momenti di architettura 606 0 $aArte italiana$xStoria 676 $a709.45 801 0$aIT$bsalbc$gISBD 912 $a990001938660203316 951 $a709.45 STO$bL.M.$c709.45 STO 959 $aBK 969 $aUMA 979 $aSIAV6$b10$c20040817$lUSA01$h1648 979 $aSIAV6$b10$c20040817$lUSA01$h1653 996 $aStoria dell'arte italiana$9303799 997 $aUNISA LEADER 01048nam a22002651i 4500 001 991004225259707536 005 20031010112343.0 008 031111s1953 fr |||||||||||||||||fre 035 $ab12552628-39ule_inst 035 $aARCHE-058589$9ExL 040 $aDip.to Lingue$bita$cA.t.i. Arché s.c.r.l. Pandora Sicilia s.r.l. 082 04$a841.8 100 1 $aAsselineau, Charles$0164501 245 10$aBaudelaire et Asselineau :$bCharles Baudelaire, sa vie et son oeuvre : notes inedites sur Baudelaire et Ph. Boyer, lettres a Poulet-Malassis /$cpar Charles Asselineau 260 $aParis :$bNizet,$c1953 300 $a254 p. ;$c19 cm 600 14$aBaudelaire, Charles 700 1 $aPichois, Claude 700 1 $aCrépet, Jacques 907 $a.b12552628$b02-04-14$c13-11-03 912 $a991004225259707536 945 $aLE012 848.8 BAU ASS$g1$i2012000164260$lle012$o-$pE0.00$q-$rl$s- $t0$u1$v0$w1$x0$y.i13004049$z13-11-03 996 $aBaudelaire et Asselineau$9174586 997 $aUNISALENTO 998 $ale012$b13-11-03$cm$da $e-$ffre$gfr $h0$i1 LEADER 01843oam 2200445M 450 001 9910716394903321 005 20200213070539.4 035 $a(CKB)5470000002520182 035 $a(OCoLC)1065855534 035 $a(OCoLC)995470000002520182 035 $a(EXLCZ)995470000002520182 100 $a20071213d1926 ua 0 101 0 $aeng 135 $aurcn||||||||| 181 $ctxt$2rdacontent 182 $cc$2rdamedia 183 $acr$2rdacarrier 200 10$aAppointment of temporary clerk of the Supreme Court of the District of Columbia. February 5, 1926. -- Committed to the Committee of the Whole House on the State of the Union and ordered to be printed 210 1$a[Washington, D.C.] :$c[U.S. Government Printing Office],$d1926. 215 $a1 online resource (2 pages) 225 1 $aHouse report / 69th Congress, 1st session. House ;$vno. 210 225 1 $a[United States congressional serial set ] ;$v[serial no. 8531] 300 $aBatch processed record: Metadata reviewed, not verified. Some fields updated by batch processes. 300 $aFDLP item number not assigned. 606 $aLegislative amendments 606 $aCourts$xOfficials and employees 606 $aTemporary employees 608 $aLegislative materials.$2lcgft 615 0$aLegislative amendments. 615 0$aCourts$xOfficials and employees. 615 0$aTemporary employees. 701 $aGraham$b George Scott$f1850-1931$pRepublican (PA)$01386798 801 0$bWYU 801 1$bWYU 801 2$bOCLCO 801 2$bOCLCQ 906 $aBOOK 912 $a9910716394903321 996 $aAppointment of temporary clerk of the Supreme Court of the District of Columbia. February 5, 1926. -- Committed to the Committee of the Whole House on the State of the Union and ordered to be printed$93505386 997 $aUNINA